| 000 | 00867nam a2200289Ia 4500 | ||
|---|---|---|---|
| 001 | Para_6249 | ||
| 003 | CHAP | ||
| 008 | 220125s1973 xx 000 0 und d | ||
| 010 | _a204992 | ||
| 040 | _cCHAP | ||
| 090 | _aPA FOLLETO 346 | ||
| 100 |
_aCastro Gil, Mario _920366 |
||
| 245 |
_aMaíces superenanos para el bajío / _c por Mario Castro Gil |
||
| 260 |
_aMéxico : _b Productora Nacional de Semillas |
||
| 300 | _a20 p. | ||
| 650 |
_aMaíz _x variedades _971081 |
||
| 650 |
_aMaíz enano _971113 |
||
| 710 |
_aEscuela Superior de Agricultura Antonio Narro Buenavista (Coahuila) _9170933 |
||
| 710 |
_aProductora Nacional de Semillas (México) _991893 |
||
| 901 | _aPA FOLLETO 346 | ||
| 902 | _aA | ||
| 905 | _a0000001973 a 0000000000 00 | ||
| 910 | _a1973 | ||
| 942 | _cPARA | ||
| 942 |
_cPARA _d1 |
||
| 999 |
_c204992 _d204992 |
||